| 000 | 01146cpcaa2200289 a 4500 | ||
|---|---|---|---|
| 001 | mm 96006328 | ||
| 003 | DLC | ||
| 005 | 20260227111725.0 | ||
| 008 | 960313|||||||||||| eng | ||
| 010 | _amm 96006328 | ||
| 040 |
_aDLC _cDLC _dDLC _edacs |
||
| 072 | 7 |
_aC _2lcmd |
|
| 245 | 0 | 0 |
_aBailey family papers, _f1759-1819. |
| 300 |
_a1 _fitem. |
||
| 506 | 0 | _aOpen to research. | |
| 520 | 8 | _aPlantation account book kept by the Bailey family of Sussex County, Va., including records for the hiring out and medical care of slaves, medical fees and records of Zachariah Bailey, and Bailey family genealogical material. | |
| 546 | _aCollection material in English. | ||
| 580 | _aForms part of: Miscellaneous Manuscripts collection. | ||
| 600 | 3 | 0 | _aBailey family. |
| 650 | 0 |
_aPlantations _zVirginia _zSussex County. |
|
| 650 | 0 |
_aSlavery _zVirginia. |
|
| 650 | 0 |
_aSlaves _zVirginia. |
|
| 651 | 0 |
_aVirginia _vGenealogy. |
|
| 700 | 1 |
_aBailey, Zachariah. _tZachariah Bailey papers. |
|
| 999 |
_c44349 _d44349 |
||